000 00490nam a2200193Ia 4500
005 20260429111946.0
008 260429s9999||||xx |||||||||||||| ||und||
020 _a9789363867987
041 _aEnglish
082 _a658.81
_bWAD
100 _aWaddy, Paul
245 0 _aSelling online /
_cPaul Waddy
260 _aIndia :
_bWiley,
_c2025.
300 _axii, 360 p.; pbk
650 _a Online marketing
650 _a Sales management
650 _aMarketing management
942 _cTB
999 _c51626
_d51626